000 00352 a2200157 4500
001 48677
040 _cAnchieta - Bela Vista
100 _aBandeira, Pedro
240 1 0 _aO pequeno bicho-papão
_lpor
245 1 0 _aO pequeno bicho-papão
300 _a48
362 0 _a2009
440 1 _aModerna
650 4 _aLiteratura infanto-juvenil
942 _cBK
999 _c48677
_d48677